How to draw Adventures in A and Oils 2 (Record no. 233802)

MARC details
000 -LEADER
fixed length control field 00296pam a2200133 a 4500
020 ## - INTERNATIONAL STANDARD BOOK NUMBER
Terms of availability
041 ## - LANGUAGE CODE
Language code of original
082 ## - DEWEY DECIMAL CLASSIFICATION NUMBER
Classification number 751
Item number BAT
100 ## - MAIN ENTRY--PERSONAL NAME
Personal name Bates bob.
245 ## - TITLE STATEMENT
Title How to draw Adventures in A and Oils 2
Medium Textual Documents
250 ## - EDITION STATEMENT
Edition statement 1989.
260 ## - PUBLICATION, DISTRIBUTION, ETC.
Place of publication, distribution, etc. pune:
Name of publisher, distributor, etc. Walter Foster.
930 ## - EQUIVALENCE OR CROSS-REFERENCE-UNIFORM TITLE HEADING [LOCAL, CANADA]
Uniform title 12
Holdings
Withdrawn status Lost status Damaged status Not for loan Home library Current library Date acquired Source of acquisition Cost, normal purchase price Total Checkouts Full call number Barcode Date last seen Copy number Price effective from Koha item type
        College of Fine Arts, Pune College of Fine Arts, Pune 11/07/2000 m/s Unicate Publishers 300.00   751 BAT FAP-0013 07/03/2023 1 07/03/2023 Book